[Event "Gibraltar Masters 13th"]
[Site "Caleta"]
[Date "2015.01.29"]
[Round "3"]
[White "Harikrishna, Pentala"]
[Black "Chirila, Ioan Cristian"]
[Result "1-0"]
[WhiteElo "2723"]
[BlackElo "2548"]
[Annotator "CB"]
[PlyCount "51"]
[EventDate "2015.01.27"]
[EventType "swiss"]
[EventRounds "10"]
[EventCountry "GGB"]
[SourceTitle "CBM 165"]
[Source "ChessBase"]
[SourceDate "2015.03.11"]
[SourceVersion "1"]
[SourceVersionDate "2015.03.11"]
[SourceQuality "1"]

1. e4 e5 2. Nf3 Nc6 3. Bb5 Nf6 4. d3 Bc5 5. O-O Nd4 6. Nxd4 Bxd4 7. Nd2 O-O {
Harikrishna actually had used this against Leko last month in the World Mind
Games. His opponent must have p repared against this, but perhaps he confused
his ideas.} 8. c3 (8. Nf3 Bb6 9. Nxe5 d5 10. Bg5 c6 $44 {Harikrishna-Leko,
2014.}) 8... Bc5 $2 {This is already a serious mistake. Blcak cannot afford to
lose this much time.} (8... Bb6 {was necessary so the bishop would not be
attacked at the end.} 9. d4 d6 $11) 9. d4 $1 exd4 {Black has no choice but to
take on d4 now.} 10. e5 dxc3 (10... Ne8 11. Nb3 Be7 12. cxd4 d6 {is passive
and a little better for White, but better than what happened in the game.}) 11.
exf6 cxd2 12. fxg7 Kxg7 (12... Re8 13. Bxd2 {was almost as bad.}) 13. Bxd2 d6
14. Bc3+ {It's true that Black is up a pawn, but that is the only thing going
for him in this position. His pieces are not developed and his king is going
to come under serious pressure.} f6 15. Qh5 Qe7 16. Bd3 Kg8 17. Rae1 Qf7 {
So far one would think Black is holding, but the addition of the rook to the
attack will be lethal.} 18. Qh4 h5 19. Re3 $1 {White only needs one rook to
crash through! The e3 kamikaze might as well be taken.} Bxe3 20. fxe3 {Now
there is too much pressure on f6; also h5 is weak, there are idea of Bc4+ and
rook lifts.} Qg7 21. Qxh5 c6 22. Rf4 Bd7 23. Bf5 $1 {Removing an important
defender.} Bxf5 24. Qxf5 Qh6 25. Rg4+ Kh8 26. Rg5 {Rh5 next move is crushing.
A swift punishment of a strange opening} 1-0

[Event "Norway Chess 4th"]
[Site "Stavanger"]
[Date "2016.04.23"]
[Round "4"]
[White "Vachier Lagrave, Maxime"]
[Black "Kramnik, Vladimir"]
[Result "1/2-1/2"]
[WhiteElo "2788"]
[BlackElo "2801"]
[Annotator "CB"]
[PlyCount "119"]
[EventDate "2016.04.19"]
[EventType "tourn"]
[EventRounds "9"]
[EventCountry "NOR"]
[EventCategory "21"]
[SourceTitle "CBM 172"]
[Source "ChessBase"]
[SourceDate "2016.05.12"]
[SourceVersion "1"]
[SourceVersionDate "2016.05.12"]
[SourceQuality "1"]

1. e4 e5 2. Nf3 Nc6 3. Bb5 Nf6 4. d3 Bc5 5. c3 O-O 6. O-O d6 7. h3 Ne7 8. d4
Bb6 9. Bd3 Ng6 10. Re1 Re8 11. Qc2 c6 (11... exd4 12. cxd4 c5 13. dxc5 Bxc5 14.
Nc3 Be6 15. Be3 Qc8 16. Bxc5 Qxc5 17. Qd2 Ne5 18. Be2 Nxf3+ 19. Bxf3 Rad8 20.
Red1 h5 21. Qd4 Qg5 22. Qd2 Qe5 23. Qe3 a6 24. Rd4 Bd7 25. Rad1 Bc6 26. g3 Re6
27. Bg2 h4 28. gxh4 Rde8 29. Bf3 a5 30. a4 Qc5 31. Qf4 Re5 32. R1d3 R8e6 33.
Kh2 Qb6 34. Rd2 Qd8 35. Qg3 Bxe4 36. Bxe4 Nxe4 37. Nxe4 Rxe4 38. Rxe4 Rxe4 39.
Rxd6 Qxh4 40. Qxh4 {1/2-1/2 (40) Anand,V (2762)-Caruana,F (2794) Moscow 2016})
12. Na3 (12. Be3 d5 13. dxe5 Nxe5 14. Nxe5 Rxe5 15. Bxb6 axb6 16. f4 Rh5 17. e5
Nd7 18. Qe2 Rh4 19. e6 Nc5 20. exf7+ Kxf7 21. Nd2 Nxd3 22. Qxd3 Rxf4 23. Qxh7
Bf5 24. Qh5+ Bg6 25. Qe5 Rf6 26. Nf3 Kg8 27. Ng5 Qd7 28. a3 Raf8 29. Rad1 Qf5
30. Qe3 Qf2+ 31. Qxf2 Rxf2 32. Re6 Be4 33. Nxe4 dxe4 34. Rxe4 Rxb2 35. Rd7 Rff2
36. Rg4 Rf7 37. Rxf7 Kxf7 38. Rb4 Ra2 39. Rxb6 Rxa3 40. Rxb7+ Kg8 41. c4 Ra4
42. c5 Ra5 43. Rc7 Rxc5 {1/2-1/2 (43) Adams,M (2725)-Anand,V (2780)
Baden-Baden 2013}) 12... Bc7 13. dxe5 Nxe5 14. Nxe5 dxe5 15. Be2 h6 16. Nc4 Nh7
17. Rd1 Qf6 18. Ne3 Qg6 19. Bg4 Bxg4 20. Nxg4 Bb6 21. a4 h5 22. Nh2 Nf6 23. a5
Bc5 24. b4 Bf8 {The bishop stood here before.} 25. Re1 a6 26. Nf3 Nd5 27. Qb3
Nf4 28. Bxf4 exf4 29. Rad1 Rad8 (29... Rxe4 30. Rxe4 Qxe4 31. Rd7 Be7 32. Rxb7
$16 {was not to Black's liking.}) 30. e5 Rxd1 31. Rxd1 {[#]} Qf5 {Preparing to
advance the g-pawn.} 32. Re1 g5 33. Nd4 Qg6 34. e6 Kh8 35. Qd1 fxe6 36. Nf3 g4
37. Ne5 Qf5 38. hxg4 hxg4 39. Nxg4 Bg7 40. Qd7 Rf8 41. f3 c5 {[#]} (41... Bxc3
42. Rxe6 $16) 42. Qxe6 (42. Rxe6 cxb4 43. cxb4 Qb1+ 44. Kh2 Qh7+ 45. Kg1 Qb1+
$11) (42. bxc5 $5 Qxc5+ 43. Nf2 $14) 42... Qxe6 43. Rxe6 Bxc3 44. bxc5 Bxa5 45.
Re7 $11 Bb4 46. Rc7 Rf5 47. Rxb7 Bxc5+ 48. Kf1 a5 49. Rb5 a4 50. Nf2 Rh5 51.
Ra5 a3 52. Nd3 Rh1+ 53. Ke2 Bd6 54. Ra6 Rh6 55. Kd1 Kg7 56. Kc2 Rg6 57. Kb3 Kf7
58. Nxf4 Bxf4 59. Rxg6 Kxg6 60. Kxa3 1/2-1/2

[Event "Norway Chess 4th"]
[Site "Stavanger"]
[Date "2016.04.20"]
[Round "2"]
[White "Grandelius, Nils"]
[Black "Aronian, Levon"]
[Result "1/2-1/2"]
[WhiteElo "2649"]
[BlackElo "2784"]
[Annotator "CB"]
[PlyCount "63"]
[EventDate "2016.04.19"]
[EventType "tourn"]
[EventRounds "9"]
[EventCountry "NOR"]
[EventCategory "21"]
[SourceTitle "CBM 172"]
[Source "ChessBase"]
[SourceDate "2016.05.12"]
[SourceVersion "1"]
[SourceVersionDate "2016.05.12"]
[SourceQuality "1"]

1. e4 e5 2. Nf3 Nc6 3. Bb5 Nf6 4. d3 Bc5 5. Nbd2 O-O 6. Bxc6 bxc6 {An
interesting pawn-sacrifice.} ({"Normal" is} 6... dxc6) 7. Nxe5 Re8 8. Nef3 d5
9. O-O Bg4 10. h3 Bh5 11. Qe2 h6 ({Last year a game in the Norway Chess
tournament continued} 11... dxe4 12. Nxe4 h6 13. Be3 Nxe4 14. dxe4 Rxe4 15. Qd3
Bxf3 16. Qxd8+ Rxd8 17. Bxc5 Be2 18. Rfc1 a5 19. b3 a4 20. Re1 Rd2 21. Rac1
axb3 22. axb3 Rd5 23. Be3 Bh5 24. Ra1 Bg6 25. Ra7 Re7 26. c4 Rd8 27. Rea1 Bc2
28. b4 Rd1+ 29. Rxd1 Bxd1 30. b5 cxb5 31. cxb5 Re5 32. Rxc7 Rxb5 33. Rc5 Rxc5
34. Bxc5 Bc2 35. Bd6 Bd1 36. Bc5 Bc2 37. Bd6 Bd1 {1/2-1/2 (37) Anand,V (2804)
-Caruana,F (2805) Stavanger 2015}) 12. Re1 a5 13. Qf1 a4 14. e5 Nd7 15. d4 Bb6
16. c4 Nf8 17. c5 Ba5 18. Re3 Ne6 19. g4 Bg6 20. a3 f5 21. b4 axb3 22. Nxb3
fxg4 23. hxg4 Rf8 24. Nh2 {[#]} Be4 ({After} 24... Bc2 25. Nxa5 Rxa5 26. Rc3
Be4 27. Be3 Ra4 {the engines give Black an advantage.} 28. Qd1 $2 Qh4 29. Z0 {
with the idea} Ng5) 25. Rg3 Qe7 ({If now} 25... Bc2 26. Nxa5 Rxa5 27. Be3 Be4 {
White blocks the path to h4:} 28. g5) 26. Ra2 g5 27. Rb2 Qh7 28. Qd1 Qf7 29.
Qe2 Qg6 30. Qd1 Qf7 {Black's advantage is gone and he contents himself with a
draw.} 31. Qe2 Qg6 32. Qd1 1/2-1/2

[Event "British CF-65 Championship"]
[Site "Ayr"]
[Date "1978.08.11"]
[Round "5"]
[White "Plaskett, H James"]
[Black "Littlewood, John Eric"]
[Result "0-1"]
[WhiteElo "2410"]
[BlackElo "2350"]
[Annotator "ChessBase"]
[PlyCount "144"]
[EventDate "1978.08.07"]
[EventType "swiss"]
[EventRounds "11"]
[EventCountry "SCO"]
[SourceTitle "EXT 1999"]
[Source "ChessBase"]
[SourceDate "1998.11.16"]
[SourceVersion "1"]
[SourceVersionDate "1998.11.16"]
[SourceQuality "1"]

1. e4 e5 2. Nf3 Nc6 3. Bb5 Nf6 4. O-O Bc5 5. Nxe5 Nxe4 6. Qg4 Nxe5 7. Qxe4 Qe7
8. Nc3 f5 $5 $146 (8... Ng6 9. Qxe7+ Bxe7 10. Nd5 Bd6 11. Re1+ Kd8 12. Ne3 Be5
13. Bc4 $14 {Hulak-Knezevic, YUG-ch 1978}) 9. Qxf5 c6 10. Qe4 Qf6 11. b4 (11.
Kh1 O-O 12. d4 d5 13. Qxe5 Qxe5 14. dxe5 cxb5 15. Nxd5 Rxf2 16. Rxf2 Bxf2 17.
Bf4 Bg4 18. h3 $16 {Fernandez,J-Casa,A/Cannes op 1990 ( - , 27)}) (11. d3 $5 {
Fritz4}) 11... Be7 12. Bb2 Ng6 13. Bd3 O-O 14. Rae1 d5 15. Nxd5 $1 cxd5 16.
Qxd5+ Qf7 17. Bxg6 (17. Qxf7+ $5 Kxf7 (17... Rxf7 18. Bc4 $16) 18. Bc4+ Ke8 19.
Bxg7 Rf4 20. d3 $16 {Fritz4}) 17... Qxd5 18. Rxe7 Rd8 19. Rxg7+ Kf8 20. Rxh7
Bf5 21. Rh8+ Ke7 22. Re1+ Kd6 23. Rh6 (23. Be5+ $5 Kc6 (23... Qxe5 24. Rxe5
Bxg6 (24... Kxe5 25. Rh5 Kf6 26. Bxf5 Rxd2 27. g4 $18) 25. Rxd8+ Rxd8 26. Rc5
$16) 24. Rxd8 Rxd8 25. Bxf5 Qxd2 26. Be4+ Kd7 $13) 23... Qxd2 24. Be5+ Kc6 25.
Be8+ Kd5 26. Bf7+ Be6 27. c4+ (27. Bxe6+ Kc6 28. Bd7+ Kxd7 29. Rd6+ Qxd6 30.
Bxd6 Kxd6 31. c4 Re8 $17) 27... Kxc4 28. Bxe6+ Kb5 29. a4+ Kxa4 30. Ra1+ Kb5 (
30... Kxb4 $2 31. Rh4+ Kb5 32. Rb1+ Ka5 33. Bc7+ b6 34. Bxd8 Rxd8 $13) 31. f4
Qe2 32. h4 Rd2 33. Rg6 Qf2+ 34. Kh2 Qxh4+ 35. Kg1 Qf2+ 36. Kh2 Re8 37. Rg5 Kb6
38. Rg6 Rxe6 $5 39. Rxe6+ Kb5 40. Rg6 Rd7 41. Rg3 b6 42. Rb1 Qe2 43. Rbb3 Qd1
44. Rb2 Qe1 45. Rbb3 $6 Rd1 46. Rge3 Qh1+ 47. Kg3 Rd2 48. Kg4 Rxg2+ 49. Rg3
Qd1+ 50. Rbf3 Re2 51. Kg5 Qd8+ 52. Kg6 Qg8+ 53. Kf6 Qf8+ 54. Kg6 Qe8+ 55. Kf6
Re4 56. Rg5 Kxb4 57. Rgg3 Qf8+ 58. Kg6 b5 59. Rd3 Ka5 60. Ra3+ Kb6 61. Rgd3 b4
62. Rab3 a5 63. Rd6+ Qxd6+ 64. Bxd6 Re6+ 65. Kg7 Rxd6 66. f5 Kc5 67. Re3 a4 68.
Re5+ Kc4 69. Re4+ Kc3 70. Re3+ Kd4 71. Re1 a3 72. Rh1 Kc3 0-1

[Event "Khanty-Mansiysk FIDE GP (Women)"]
[Site "Khanty-Mansiysk"]
[Date "2014.04.19"]
[Round "9"]
[White "Kosintseva, Tatiana"]
[Black "Zhao, Xue"]
[Result "1/2-1/2"]
[WhiteElo "2496"]
[BlackElo "2552"]
[Annotator "ChessBase Website"]
[PlyCount "149"]
[EventDate "2014.04.09"]
[EventType "tourn"]
[EventRounds "11"]
[EventCountry "RUS"]
[EventCategory "10"]
[SourceTitle "CBM 160"]
[Source "ChessBase"]
[SourceDate "2014.05.15"]
[SourceVersion "1"]
[SourceVersionDate "2014.05.15"]
[SourceQuality "1"]
[TimeControl "40/5400+30:1800+30"]
[WhiteClock "1:30:00"]
[BlackClock "1:30:00"]

1. e4 {[%emt 0:00:00]} e5 {[%emt 0:00:00]} 2. Nf3 {[%emt 0:00:00]} Nc6 {
[%emt 0:00:00]} 3. Bb5 {[%emt 0:00:00]} Nf6 {[%emt 0:00:01]} 4. d3 {[%emt 0:00:
00]} Bc5 {[%emt 0:00:20]} 5. c3 {[%emt 0:00:01]} O-O {[%emt 0:01:17]} 6. O-O {
[%emt 0:00:12]} d6 {[%emt 0:00:19]} 7. h3 {[%emt 0:00:36]} Ne7 {[%emt 0:02:02]}
8. d4 {[%emt 0:05:30]} Bb6 {[%emt 0:01:06]} 9. Nbd2 {[%emt 0:01:59]} (9. Re1 d5
10. Nxe5 Nxe4 11. Nd2 Nd6 12. Bf1 c6 13. b3 Re8 14. a4 Ng6 15. Nxg6 Rxe1 16.
Qxe1 hxg6 17. Ba3 a5 18. Qe3 Be6 19. Re1 Bc7 20. Bd3 Bf5 21. Nf3 Bxd3 22. Qxd3
Ne4 23. Nd2 Nxd2 24. Qxd2 Bd6 25. Bxd6 Qxd6 26. g3 Qd7 27. Kg2 Re8 28. Re3 Kf8
29. h4 Qf5 30. Rxe8+ Kxe8 31. Qe3+ Kd7 32. Qf3 Qxf3+ 33. Kxf3 Ke6 34. Kg4 b5
35. Kf4 Kd6 36. g4 Ke6 37. Kg5 Kd6 38. h5 gxh5 {Karjakin,S (2756)-Le Quang,L 
(2703) Beijing 2013 1-0 (63)}) 9... c6 {[%emt 0:06:58]} 10. Ba4 {[%emt 0:02:50]
} Ng6 {[%emt 0:02:32]} 11. Re1 {[%emt 0:01:42]} Be6 {[%emt 0:20:02]} 12. Bc2 {
[%emt 0:03:59]} Qc7 {[%emt 0:09:27]} 13. Nf1 {[%emt 0:02:38]} h6 {[%emt 0:03:
42]} 14. Ng3 {[%emt 0:00:41]} Rad8 {[%emt 0:00:06]} 15. Be3 {[%emt 0:11:15]}
Rfe8 {[%emt 0:04:10]} 16. Qc1 $146 {[%emt 0:04:09]} (16. Qd2 d5 17. exd5 Bxd5
18. Bxg6 Bxf3 19. Bc2 exd4 20. cxd4 Bh5 21. Nxh5 Nxh5 22. Bxh6 gxh6 23. Qxh6
Bxd4 24. Bh7+ Kh8 25. Bg6+ Kg8 26. Bh7+ Kh8 27. Qxh5 Qf4 28. Be4+ Kg7 29. Qh7+
Kf8 30. Bf3 {1/2-1/2 (30) Balogh,C (2562)-Gyimesi,Z (2610) Hungary 2008}) 16...
Kh7 {[%emt 0:13:16]} 17. a4 {[%emt 0:09:32]} a5 {[%emt 0:01:46]} 18. Nf5 {
[%emt 0:06:12][%csl Gf5]} Ng8 {[%emt 0:00:21]} 19. h4 {[%emt 0:05:28]} f6 {
[%emt 0:00:38]} 20. h5 $36 {[%emt 0:07:14][%csl Gh5] A very entertaining game.
The opposite colored bishops allowed Kosintseva to launch an attack on the
light-squares that cost Zhao Xue an exchange, but she obtained a pawn and some
interesting compensation for it. Eventually and endgame was reached where
White had winning chances, but nothing more. She tried for many, many moves
but was unable to bring down the Chinese wall.} N6e7 {[%emt 0:01:51]} 21. N3h4
{[%emt 0:01:42]} Nxf5 {[%emt 0:02:39]} 22. exf5 {[%emt 0:00:07]} Bf7 {[%emt 0:
00:16]} 23. Ng6 {[%emt 0:02:12]} exd4 {[%emt 0:02:05]} 24. cxd4 {[%emt 0:01:28]
} Ne7 {[%emt 0:00:16]} 25. Nf4 {[%emt 0:06:52]} Qd7 {[%emt 0:00:16]} 26. Qd1 {
[%emt 0:04:59]} Kh8 {[%emt 0:01:05]} 27. Ne6 {[%emt 0:02:45]} Bxe6 {[%emt 0:08:
51]} 28. fxe6 {[%emt 0:00:09]} Qxe6 {[%emt 0:00:12]} 29. Bxh6 {[%emt 0:00:46]}
Qc4 {[%emt 0:00:05]} 30. Be3 {[%emt 0:05:30]} Nd5 {[%emt 0:00:10]} 31. Bb3 {
[%emt 0:03:56]} Nxe3 {[%emt 0:01:20]} 32. fxe3 {[%emt 0:00:05]} Qb4 {[%emt 0:
00:08]} 33. Qd3 {[%emt 0:06:15]} d5 {[%emt 0:00:45]} 34. Bc2 {[%emt 0:01:47]}
Re4 {[%emt 0:01:00]} 35. Qf1 {[%emt 0:00:30]} Rxd4 {[%emt 0:10:13]} 36. Qf5 {
[%emt 0:01:04]} Re4 {[%emt 0:00:05]} 37. Bxe4 {[%emt 0:00:07]} Qxe4 {[%emt 0:
00:34]} 38. Qxe4 {[%emt 0:00:45]} dxe4 {[%emt 0:00:07]} 39. Kf2 {[%emt 0:03:05]
} Rd2+ {[%emt 0:01:05]} 40. Kg3 {[%emt 0:00:00]} Bc7+ {[%emt 0:00:00]} 41. Kh3
{[%emt 0:11:41]} Be5 {[%emt 0:02:52]} 42. Rad1 {[%emt 0:02:35]} Rxb2 {[%emt 0:
02:30]} 43. Rb1 {[%emt 0:03:32]} Rb4 {[%emt 0:03:12]} 44. Kg4 {[%emt 0:01:17]}
Rxa4 {[%emt 0:08:40]} 45. Kf5 {[%emt 0:04:23]} Kh7 {[%emt 0:13:40]} 46. Rxb7 {
[%emt 0:00:18]} Ra2 {[%emt 0:05:51]} 47. g4 {[%emt 0:02:17]} Rf2+ {[%emt 0:01:
16]} 48. Kxe4 {[%emt 0:00:35]} Rg2 {[%emt 0:00:40]} 49. Kf5 {[%emt 0:02:04]}
Rf2+ {[%emt 0:00:08]} 50. Ke6 {[%emt 0:00:09]} Rg2 {[%emt 0:00:48]} 51. Kf5 {
[%emt 0:06:52]} Rf2+ {[%emt 0:00:05]} 52. Ke6 {[%emt 0:00:02]} Rg2 {[%emt 0:01:
38]} 53. Rd1 {[%emt 0:00:06]} Rxg4 {[%emt 0:00:08]} 54. Rd8 {[%emt 0:00:06]}
Rg3 {[%emt 0:00:43]} 55. e4 {[%emt 0:01:05]} Rg5 {[%emt 0:00:24]} 56. Kf7 {
[%emt 0:02:13]} Rxh5 {[%emt 0:00:25]} 57. Re7 {[%emt 0:00:21]} Kh6 {[%emt 0:01:
50]} 58. Rd1 {[%emt 0:00:35]} Rh3 {[%emt 0:00:55]} 59. Re8 {[%emt 0:00:32]} Kg5
{[%emt 0:00:24]} 60. Rf1 {[%emt 0:00:37]} Kg4 {[%emt 0:00:53]} 61. Kxg7 {
[%emt 0:00:18]} Rf3 {[%emt 0:00:06]} 62. Rc1 {[%emt 0:00:27]} a4 {[%emt 0:00:
38]} 63. Rxc6 {[%emt 0:00:37]} a3 {[%emt 0:00:05]} 64. Ra6 {[%emt 0:00:04]} Kf4
{[%emt 0:00:59]} 65. Rea8 {[%emt 0:01:03]} Bb2 {[%emt 0:00:05]} 66. Ra4 {
[%emt 0:00:35]} f5+ {[%emt 0:00:57]} 67. e5+ {[%emt 0:00:20]} Kxe5 {[%emt 0:00:
04]} 68. R8a5+ {[%emt 0:00:23]} Ke6+ {[%emt 0:00:05]} 69. Kg6 {[%emt 0:00:07]}
Rg3+ {[%emt 0:00:07]} 70. Kh5 {[%emt 0:00:13]} Rd3 {[%emt 0:00:20]} 71. Kg6 {
[%emt 0:00:35]} Rg3+ {[%emt 0:00:56]} 72. Kh5 {[%emt 0:00:04]} Rd3 {[%emt 0:02:
08]} 73. Kg6 {[%emt 0:00:05]} Rg3+ {[%emt 0:00:38]} 74. Kh5 {[%emt 0:00:05]}
Rd3 {[%emt 0:00:24]} 75. Kg6 {[%emt 0:00:05]} 1/2-1/2

[Event "Khanty-Mansiysk FIDE GP (Women)"]
[Site "Khanty-Mansiysk"]
[Date "2014.04.19"]
[Round "9"]
[White "Lagno, Kateryna"]
[Black "Muminova, Nafisa"]
[Result "1/2-1/2"]
[WhiteElo "2543"]
[BlackElo "2321"]
[Annotator "ChessBase Website"]
[PlyCount "97"]
[EventDate "2014.04.09"]
[EventType "tourn"]
[EventRounds "11"]
[EventCountry "RUS"]
[EventCategory "10"]
[SourceTitle "CBM 160"]
[Source "ChessBase"]
[SourceDate "2014.05.15"]
[SourceVersion "1"]
[SourceVersionDate "2014.05.15"]
[SourceQuality "1"]
[TimeControl "40/5400+30:1800+30"]
[WhiteClock "1:30:00"]
[BlackClock "1:30:00"]

1. e4 {[%emt 0:00:00]} e5 {[%emt 0:00:00]} 2. Nf3 {[%emt 0:00:00]} Nc6 {
[%emt 0:00:00]} 3. Bb5 {[%emt 0:00:14]} Nf6 {[%emt 0:00:00]} 4. O-O {[%emt 0:
02:18]} Bc5 {[%emt 0:00:26]} 5. Bxc6 {[%emt 0:17:46]} dxc6 {[%emt 0:04:11]} 6.
Nxe5 {[%emt 0:10:27]} Nxe4 {[%emt 0:04:38]} 7. Qe2 {[%emt 0:05:05]} Qd5 {
[%emt 0:03:05]} 8. Nd3 {[%emt 0:06:06]} O-O {[%emt 0:02:47]} 9. Nxc5 {[%emt 0:
00:31]} Nxc5 {[%emt 0:00:07]} 10. d3 {[%emt 0:03:06]} (10. Nc3 Qf5 11. d3 Bd7
12. Be3 Rfe8 {1/2-1/2 (12) Ankit,R (2350)-Greenfeld,A (2561) Mumbai 2010})
10... Bf5 {[%emt 0:01:39]} 11. Nc3 {[%emt 0:00:34]} Qd7 {[%emt 0:01:02]} 12.
Qe5 {[%emt 0:04:31]} b6 {[%emt 0:01:56]} 13. b4 $146 {[%emt 0:07:24]} (13. Be3
Rfe8 14. Qf4 Nb7 15. Ne4 Nd6 16. Nxd6 cxd6 17. Rfe1 d5 18. Bd2 Bg6 19. Rxe8+
Rxe8 20. Re1 h6 21. Rxe8+ Qxe8 22. Kf1 Qd7 23. Qb8+ Kh7 24. Bf4 c5 25. b3 c4
26. Qc7 Qxc7 27. Bxc7 cxd3 28. c3 b5 29. h4 f6 30. Ke1 Kg8 31. Kd2 h5 32. Bb8
a6 33. Ba7 Kf7 34. g3 Be4 35. f4 Ke6 36. Bf2 Kf5 37. b4 Kg4 38. Ke3 Kh3 39. Be1
Kg2 40. c4 dxc4 41. Bc3 Bf5 42. Be1 Kf1 {Armbrust,F (2300)-Misler,T (2235)
France 2007 0-1}) 13... Rae8 {[%emt 0:05:19]} 14. Qf4 {[%emt 0:00:22]} Nb7 {
[%emt 0:00:24]} 15. a4 {[%emt 0:01:37]} Nd6 {[%emt 0:04:55]} 16. Bb2 {[%emt 0:
06:11]} Re6 {[%emt 0:00:43]} 17. Nd1 {[%emt 0:01:30]} Rg6 {[%emt 0:06:50]} 18.
Ne3 {[%emt 0:00:10]} Be6 {[%emt 0:01:15]} 19. f3 {[%emt 0:12:18]} f6 {[%emt 0:
22:47]} 20. Rfe1 {[%emt 0:00:33]} Rg5 {[%emt 0:03:56]} 21. Re2 {[%emt 0:02:00]}
Nf5 {[%emt 0:05:55]} 22. Rae1 {[%emt 0:01:39]} Nxe3 {[%emt 0:01:10]} 23. Rxe3 {
[%emt 0:00:14]} Re8 {[%emt 0:00:23]} 24. Re4 {[%emt 0:03:59]} Rd5 {[%emt 0:04:
12]} 25. Qe3 $36 {[%emt 0:01:53][%csl Re6] At some point it seemed that surely
White's devasting pin on the e-file would reap a deadly reward, but somehow
Muminova's cool rook movements were sufficient to hold the game and it seemed
impossible for Lagno to find an entry point. After the queen's came off it was
obvious that the opposite colored bishops would lead this game to a draw.} Kf7
{[%emt 0:02:31]} 26. g4 {[%emt 0:02:20]} h5 {[%emt 0:08:06]} 27. h3 {[%emt 0:
00:43]} hxg4 {[%emt 0:00:07]} 28. fxg4 {[%emt 0:00:36]} Rg5 {[%emt 0:00:51]}
29. Kf2 {[%emt 0:04:50]} Qd6 {[%emt 0:04:31]} 30. Qg3 {[%emt 0:00:06]} Bd7 {
[%emt 0:01:23]} 31. Bc1 {[%emt 0:01:42]} Rxe4 {[%emt 0:02:13]} 32. Rxe4 {
[%emt 0:01:22]} Qxg3+ {[%emt 0:02:21]} 33. Kxg3 {[%emt 0:00:04]} Re5 {[%emt 0:
00:58]} 34. Bf4 {[%emt 0:00:29]} Rxe4 {[%emt 0:00:43]} 35. dxe4 {[%emt 0:00:03]
} a5 {[%emt 0:02:14]} 36. c3 {[%emt 0:01:12]} axb4 {[%emt 0:00:37]} 37. cxb4 {
[%emt 0:00:04]} c5 {[%emt 0:00:17]} 38. b5 {[%emt 0:02:09]} c6 {[%emt 0:00:07]}
39. Bc7 {[%emt 0:02:34]} cxb5 {[%emt 0:00:08]} 40. axb5 {[%emt 0:00:00]} Bxb5 {
[%emt 0:00:00]} 41. Bxb6 {[%emt 0:00:06]} Bd3 {[%emt 0:03:42]} 42. Bxc5 {
[%emt 0:01:52]} Bxe4 {[%emt 0:00:17]} 43. h4 {[%emt 0:00:04]} Bc2 {[%emt 0:00:
15]} 44. Bd4 {[%emt 0:00:05]} Bb1 {[%emt 0:00:32]} 45. Kf4 {[%emt 0:00:05]} Bc2
{[%emt 0:00:11]} 46. g5 {[%emt 0:00:05]} fxg5+ {[%emt 0:00:07]} 47. Kxg5 {
[%emt 0:00:03]} g6 {[%emt 0:00:07]} 48. h5 {[%emt 0:00:03]} gxh5 {[%emt 0:00:
04]} 49. Kxh5 {[%emt 0:00:02]} 1/2-1/2